MDQL
is popping MORE tags! Check the
thread
!
Quizzes
Events
Quiz Creation
Community
Videos
Private Events
Remove Ads
Sign In
Join for FREE
Feedback
Dark Mode
Quiz Categories
Sports
Geography
Music
Movies
Television
Just For Fun
Miscellaneous
History
Literature
Language
Science
Gaming
Entertainment
Religion
Holiday
For Kids
Quiz Lab
Recent
Popular Today
Quiz Kudos Today
Editor Picks
Curator Picks
Quizzes by...
Day
Popularity
Type
Ratings
Length
Year
Community
Subscriptions
Recent Discussions
Orange Saloon
Badges
Playlists
Quests
Create
Leaderboards
Showdown
Live 5
Trivia Bingo
Activity
Puzzle Library
Sporcle Events
Private Events
Virtual Trivia
Globe League
Become a Host
Pub Owners
SporcleCon
Opinionation
Our Games
Videos
Blog
Mobile Apps
Partnerships
Remove Ads and Go Orange
Feedback
Sports
Athletes
MLB
NBA
NHL
NFL
Soccer
Sports Teams
WWE
NCAA
Football
Premier League
Basketball
Baseball
Hockey
Golf
Tennis
Cricket
Rugby
Auto Racing
Olympics
World Cup
Sports
Athletes
MLB
NBA
NHL
NFL
Soccer
Sports Teams
WWE
NCAA
Football
Premier League
Basketball
Baseball
Hockey
Golf
Tennis
Cricket
Rugby
Auto Racing
Olympics
World Cup
Random Quiz
Search Sporcle
×
Quiz Lab
Quiz Lab
Sports
Player
Type in answers that appear in a list
Type in answers that appear in a list
Classic
Best Score? Go Orange.
VFL/AFL TOP 200 POSSESSION GATHERERS (1966-Present) Stats
Can you name the VFL/AFL TOP 200 POSSESSION GATHERERS (1966-Present)
By
stmookeyj
15m
201 Questions
275 Plays
275 Plays
275 Plays
Comments
Comments
Give Quiz Kudos
Give Quiz Kudos
-
- Ratings
hide this ad
More Info
Replay
Link that replays current quiz
Next Quiz
Link to next quiz in quiz playlist
You Got
0%
They Got
Avg Score
61%
Avg Friend Score
Upgrade to see
Score Distribution
Jump to the score distribution portion of the page
Score
0/201
Timer
15:00
0
Plays Today
POSSESSIONS
PLAYER
% Correct
9656
Robert HARVEY
98.9%
8672*
Brent HARVEY
98.5%
6363*
Gary ABLETT Jr
96.4%
4182
Geoff ABLETT
96.4%
6339*
Sam MITCHELL
94.5%
5332
Barry MITCHELL
94.5%
5986*
Chris JUDD
94.2%
8462
Kevin BARTLETT
93.8%
7580
Simon BLACK
93.1%
7172
Brad JOHNSON
92.7%
6721
Greg WILLIAMS
92.7%
5509
Paul WILLIAMS
92.7%
4228
Kane JOHNSON
92.7%
4195*
Steve JOHNSON
92.7%
4131
Ben JOHNSON
92.7%
4080
Mark WILLIAMS
92.7%
6887
Nathan BUCKLEY
92.4%
8422
Michael TUCK
91.3%
6143
Michael VOSS
91.3%
6093
Ben COUSINS
90.2%
8776
Craig BRADLEY
89.8%
8222
Scott WEST
89.1%
7632
Tony SHAW
89.1%
5868
Jason AKERMANIS
89.1%
5802*
Jimmy BARTEL
89.1%
6521
Peter BELL
87.6%
7373
Leigh MATTHEWS
87.3%
6724
Andrew McLEOD
87.3%
5703*
Scott THOMPSON
86.2%
4325
Len THOMPSON
86.2%
6434*
Kane CORNES
85.8%
5012*
Luke HODGE
85.8%
4636
Chad CORNES
85.8%
6997
Paul ROOS
85.1%
6828
Shane CRAWFORD
84.7%
6286*
Lenny HAYES
84.7%
6100
Tim WATSON
84.4%
5988*
Dane SWAN
84.4%
4353*
Jobe WATSON
84.4%
5911
Nigel LAPPIN
84%
4187
Matthew LAPPIN
84%
6569
Mark RICCIUTO
83.6%
5145
Rohan SMITH
83.3%
4797*
James KELLY
83.3%
4777
Paul KELLY
83.3%
6033
Anthony STEVENS
82.9%
5039
Nick STEVENS
82.9%
6293
Luke POWER
82.5%
5797*
Adam GOODES
82.5%
5645
John MURPHY
82.2%
4309*
Robert MURPHY
82.2%
6452
Doug HAWKINS
81.8%
6926
Wayne CAMPBELL
80.7%
5075
James HIRD
80.7%
6943
Nathan BURKE
79.6%
6330
Adam SIMPSON
79.6%
6172
Garry HOCKING
79.6%
5593*
Dustin FLETCHER
79.3%
5298
Adrian FLETCHER
79.3%
4435
Ken FLETCHER
79.3%
5509
Shannon GRANT
78.2%
5014
Chris GRANT
78.2%
5964
Nick DAL SANTO
77.8%
4547
Gavin BROWN
77.8%
5279*
Matthew PAVLICH
77.5%
5938
Matthew KNIGHTS
76.7%
4462*
Scott PENDLEBURY
76.7%
POSSESSIONS
PLAYER
% Correct
5646*
Corey ENRIGHT
76.4%
5469
John PLATTEN
76.4%
5677
Tony LIBERATORE
75.3%
6042
Paul COUCH
74.5%
6094
Tyson EDWARDS
74.2%
6048
Bernie QUINLAN
74.2%
4970*
Leigh MONTAGNA
73.5%
5533*
Matthew BOYD
73.1%
4711
Peter BURGOYNE
72.7%
4405*
Jordan LEWIS
72.7%
4327*
Shaun BURGOYNE
72.7%
6709
Garry WILSON
72.4%
6196
Joel COREY
72.4%
4132
Brian WILSON
72.4%
4489
Wayne CAREY
72%
5031
Gavin WANGANEEN
71.6%
4768
Peter MATERA
71.6%
4522
Shaun HART
71.6%
4272
Ben HART
71.6%
5061*
Paul CHAPMAN
71.3%
6540
Terry WALLACE
70.5%
5027*
Brendon GODDARD
69.8%
4163*
Joel SELWOOD
69.1%
5743
Simon GOODWIN
68.4%
4637
Daniel KERR
68.4%
4901
Dean KEMP
66.9%
6011
Wayne RICHARDSON
65.5%
4329
Max RICHARDSON
65.5%
4610
Simon MADDEN
65.1%
7275
Ian NANKERVIS
64.7%
5278
Cameron LING
64.7%
5071
Bruce NANKERVIS
64.7%
4321*
Nick RIEWOLDT
64.4%
5477
Mark BICKLEY
63.6%
6032
Wayne SCHWASS
62.9%
4087
Glenn ARCHER
62.2%
5696
Brett RATTEN
61.1%
5567
John BLAKEY
60.7%
5164
Joe MISITI
60.7%
5093
Andrew BEWS
60.4%
5049
Tony McGUINNESS
60.4%
4420*
Dean COX
60.4%
4107
Brad GREEN
60.4%
4084
David KING
60.4%
5722*
Heath SCOTLAND
59.6%
5278
Terry DANIHER
59.3%
4333*
Luke BALL
59.3%
5395
Anthony KOUTOUFIDES
58.9%
4332
Chris MAINWARING
58.9%
5831
Jude BOLTON
58.5%
5027*
Daniel CROSS
58.5%
5093
Robert FLOWER
57.5%
4985
Jim STYNES
57.5%
4307
Darren JARMAN
57.5%
5841
Joel BOWDEN
57.1%
5848
Marcus ASHCROFT
56.7%
4080
Sam NEWMAN
56.7%
4565
Gerard HEALY
54.5%
4351
Paul SALMON
54.5%
4939
Adem YZE
54.2%
4635*
Brent STANTON
54.2%
5154
Ryan O'KEEFE
53.8%
5169
Francis BOURKE
53.1%
4754
Glen JAKOVICH
52.7%
4268
John KENNEDY Jr
52.7%
4636
Todd VINEY
52.4%
6070
Greg WELLS
52%
POSSESSIONS
PLAYER
% Correct
4143*
Daniel WELLS
52%
5261
Scott CAMPOREALE
51.6%
4547
Guy McKENNA
50.9%
4198
Michael O'LOUGHLIN
50.9%
4567
Gary AYRES
50.5%
4521
Andrew EMBLEY
50.5%
4320
Barry DAVIS
50.5%
4196
Allan DAVIS
50.5%
4842
David CLOKE
50.2%
4661
Shane O'BREE
49.5%
5760
Geoff RAINES
49.1%
4932
Scott BURNS
49.1%
5692
Dale WEIGHTMAN
48.7%
5949
Wayne SCHIMMELBUSCH
47.6%
5518
Keith GREIG
47.6%
5325
Stephen WALLIS
47.6%
4859
Stewart LOEWE
46.2%
4680
James McDONALD
46.2%
4500
Peter DAICOS
45.8%
5523
Darren MILBURN
45.5%
4505*
Adam COONEY
45.1%
4462
Brett KIRK
44.7%
5601
Daryn CRESSWELL
44%
4475*
Brett DELEDIO
44%
4837
Peter RICCARDI
43.3%
5297
Bruce DOULL
42.9%
4394
Steven FEBEY
42.2%
5594
Russell GREENE
41.5%
5421
Gary DEMPSEY
41.5%
4537
Nathan EAGLETON
41.5%
4208
Matthew SCARLETT
41.5%
5281
Paul BRODERICK
40.4%
4996
Nicky WINMAR
38.9%
4112
John RANTALL
37.8%
4155
Darren BEWICK
36.4%
4515
Robert DiPIERDOMENICO
36%
4856
Barry ROUND
33.8%
4346
Brett LOVETT
32.4%
4929
Craig LAMBERT
31.6%
4504
David CLARKE
31.6%
4832
Gary O'DONNELL
29.8%
4395
Leon CAMERON
29.1%
4205
Stuart MAXFIELD
28.7%
4130
Drew BANFIELD
28.7%
4538*
Daniel GIANSIRACUSA
28.4%
4447
Cameron BRUCE
28%
4130
Tarkyn LOCKYER
28%
5402
Garry FOULDS
25.8%
4490
Paul HASELBY
24.4%
4117
Michael TURNER
24.4%
4473
Rodney EADE
22.9%
4409
Kevin SHEEDY
22.5%
4344
Brady RAWLINGS
21.8%
4526
Stephen WRIGHT
20.4%
4491
Nevile BRUNS
20%
4163
Bryan WOOD
19.6%
4518
Stan ALVES
18.9%
4192
Barry BREEN
17.1%
4177
Dennis CARROLL
16.7%
4716
Rod ASHMAN
16%
4348
Scott RUSSELL
14.2%
4681
Warwick IRWIN
13.5%
4803
Barry ROWLINGS
12.4%
4472
Barry ARMSTRONG
8%
4373
Glenn HAWKER
7.3%
4539
Norm GOSS
6.2%
4667
Mark BROWNING
2.5%
Quiz Playlist
Details
Report
Send in Message
Add To Playlist
More Info:
Possessions are total number of kicks and handballs in an AFL game. Stats accurate as at 18 April 2014. Asterisk denotes 2014 listed player.
Classic:
Type in answers that appear in a list
Quiz Source
Last Updated: Feb 16, 2017
Quiz Scoreboard
CHALLENGE
Sign Up to Join the Scoreboard
Show All
Scores
Hide
Comments
May contain spoilers
Recently Published
5x2 Blitz: Bands
by SL_Kpop136
Music
30s
Colored Red Africa Blitz
by spor1
Geography
30s
Find the 'City' Movie
by crazypaving
Movies
60s
More to Explore
Quiz From the Vault
Featured Blog Post
14 Easter Pick-up Lines to Find Eggs With
hide this ad
You Might Also Like...
Tags
200
AFL
club
Player
possession
Top 200
VFL
Today's Top Quizzes in Sports
Browse Sports
hide this ad
Today's Top Quizzes in Player
Browse Player
Top Contributed Quizzes in Sports
1
Players with Multiple 50 Home Run Seasons
2
Who Needs Fielders?
3
Criteria MLB: Left Handed Sluggers
4
MLB Players with Two .350 Batting Average Seasons
5
Who Hit More Homers?
6
2020 F1 Drivers Logic Puzzle
7
NBA Teammate Connections
8
Premier League Clubs since 2000 (minefield)
9
MLB Teams by First Game
10
Top 10 NHL Goal Scorers of All Time
Explore More
Trending Topics
Crossword
Harry Potter
Kpop
Anime
Disney
Marvel
NBA
Soccer
Pokémon
Country
The Office
Puzzle
WWE
NFL
Song
hide this ad
More By:
stmookeyj
Quiz
Plays
Rating
Category
Featured
Created
CRICKET: ASHES PLAYERS (2000-2009)
8,132
4.68
Sports
Nov 22, 2010
Australian Test Cricketers (2000's)
5,298
4.25
Sports
Dec 1, 2009
FIRST TEST XI's IN AUSTRALIA (CRICKET) 2000/01-2012/13
3,416
5.00
Sports
Oct 30, 2013
NEW ZEALAND TEST CRICKETERS (2000's)
2,948
4.38
Sports
Jan 27, 2010
1992 CRICKET WORLD CUP SQUADS
2,505
4.37
Sports
Feb 14, 2010
Go to Creator's Profile
Score Distribution
Quiz Creator Spotlight
stmookeyj
Follow
Send a Message
Quizzes Created
-
Created Quiz Play Count
-
More By This Creator
Popular Quizzes Today
1
Find the 'City' Movie
2
5x2 Blitz: Bands
3
Colored Red Africa Blitz
4
The Countries of the World
5
Find the US States - No Outlines Minefield
6
Find the US States
7
9x9 Crossword: Cartoon Network
8
US States
More Sports Quizzes
Every WWE Championship Match: 2019-Present
Quiz Lab
Trending Quizzes
Colored Red Africa Blitz II
Colored Red Europe Blitz I
Colored Red Africa Blitz III
Colored Red Europe Blitz II
Colored Red Europe Blitz III
Recently Updated
Champions League XIs: Real Madrid
pecheneg
Largest US Cities 1790-2010
pecheneg
Rides in Walt Disney World
pecheneg
Most Oscar Losses (Acting)
pecheneg
Beyoncé Albums
pecheneg
Leaping Animals
pecheneg
Reality TV Shows (A-Z)
bhenderson79
Rickey Henderson's Hall of Fame Teammates
pecheneg
Champions League XIs: Arsenal
pecheneg
Quick Pick: Celebrities in WWE's Hall of Fame
aduchscher
Trending Topics
Disney
Kpop
Crossword
Anime
Harry Potter
Marvel
NBA
NFL
Country
Pokémon
The Office
WWE
Soccer
Puzzle
Song
Your Account Isn't Verified!
In order to create a playlist on Sporcle, you need to verify the email address you used during registration. Go to your
Sporcle Settings
to finish the process.
Report this User
Report this user for behavior that violates our
Community Guidelines
.
Details:
Send Report
Go to the Sporcle.com Mobile Site →
Comments